| 000 | 00618nam a2200217 a 4500 | ||
|---|---|---|---|
| 005 | 20140310183224.0 | ||
| 008 | 031218s19uu xx 00 eng d | ||
| 020 | _a0-415-07740-0(pbk) | ||
| 050 |
_aP 92 _b.C976 2002 |
||
| 100 | _aCurran, James | ||
| 245 |
_aMedia and Power / _cJames Curran. |
||
| 260 |
_aLondon : _bNew York, _c2002. |
||
| 300 |
_a308 p. : _c24 cm. |
||
| 500 | _aIncludes Bibliogaphy and Index | ||
| 521 | _aMC | ||
| 650 |
_aMass Media _xPolitical aspects |
||
| 650 |
_aMass media _xHistory |
||
| 650 |
_aCpmmunication and Society _xSocial aspects |
||
| 942 |
_cBK _2lcc _kFOR |
||
| 999 |
_c20371 _d20371 |
||